Les Prénoms/Noms des personnages principaux de films - Statistiques

Statistiques générales
  • Ce quiz a été pris 927 fois
  • Le résultat moyen est 45 sur 100
Statistiques - réponses
Film Personnage Principal Box office (en millions) % Correct
Harry Potter et les reliques de la mort partie 2 Harry Potter 1 328 $
92%
Harry Potter et les reliques de la mort partie 1 Harry Potter 967 $
92%
Le Roi Lion Simba 1 657 $
86%
La Reine des Neiges 2 Elsa 1 444 $
85%
La Reine des Neiges Anna 1 276 $
81%
Aladdin Aladdin 1 051 $
79%
Alice au pays des Merveilles Alice 1 024 $
79%
Pirates des Caraibes : La Fontaine de Jouvence Jack Sparrow 1 044 $
79%
Spider-Man : Far From Home Peter Parker 1 132 $
79%
Spider-Man : Homecoming Peter Parker 880 $
79%
The Amazing Spider-Man Peter Parker 758 $
79%
Thor : Ragnarok Thor 854 $
79%
Thor : Le Monde des Ténèbres Thor 645 $
79%
Le Monde de Dory Dory 1 028 $
77%
La Belle et la Bete Belle 1 264 $
75%
Les Gardiens de la Galxie 2 Peter Quill 864 $
75%
Les Gardiens de la Galaxie Peter Quill 773 $
75%
Vaiana, la légende du bout du monde Vaiana Waialiki 643 $
75%
Avengers : Endgame Tony Stark 2 798 $
73%
Avengers Tony Stark 1 519 $
73%
Avengers : L'Ere d'Ultron Tony Stark 1 405 $
73%
Iron Man 3 Tony Stark 1 215 $
73%
Shrek 4, il était une fin Shrek 752 $
71%
Moi Moche et Méchant 3 Gru 1 035 $
70%
Moi Moche et Méchant 2 Gru 971 $
70%
Le Livre de la Jungle Mowgli 966 $
70%
Toy Story 4 Woody 1 073 $
65%
Toy Story 3 Woody 1 063 $
65%
Twilight : Revelation partie 2 Bella Swan 830 $
60%
Twilight : Chapitre 3 : Hésitation Bella Swan 698 $
60%
Twilight : Chapitre 4 : Révélation Bella Swan 705 $
59%
Hunger Games : L'Embrasement Katniss Everdeen 865 $
59%
Hunger Games : La Révolte partie 1 Katniss Everdeen 755 $
59%
Hunger Games Katniss Everdeen 694 $
59%
Hunger Games : La Révolte partie 2 Katniss Everdeen 653 $
59%
Skyfall James Bond 1 109 $
58%
Spectre James Bond 881 $
58%
Fast and Furious : Hobbs & Shaw Luke Hobbs 759 $
58%
Bohemian Rhapsody Freddie Mercury 903 $
57%
Malefique Malefique 759 $
53%
The Dark Knight Rises Bruce Wayne 1 085 $
52%
Justice League Bruce Wayne 657 $
52%
Captain America : Civil War Steve Rogers 1 152 $
51%
Captain America : Le Soldat de l'Hiver Steve Rogers 714 $
51%
Suicide Squad Harley Quinn 745 $
50%
Avengers : Infinity War Thanos 2 049 $
50%
Ça Pennywise 700 $
48%
Le Hobbit : Un Voyage Inattendu Bilbon Sacquet 1 021 $
47%
Le Hobbit : La Désolation de Smaug Bilbon Sacquet 958 $
47%
Le Hobbit : La Bataille des Cinq Armées Bilbon Sacquet 956 $
47%
Batman v Superman : L'Aube de la Justice Clark Kent 873 $
47%
Man of Steel Clark Kent 668 $
47%
Les Minions Bob 1 159 $
44%
Monstres Académy Bob Razowski 744 $
44%
Star Wars : Le Réveil de la Force Rey Palpatine 2 068 $
44%
Star Wars : Les Derniers Jedi Rey Palpatine 1 326 $
44%
Star Wars : L'Ascension de Skywalker Rey Palpatine 1 065 $
44%
Les Animaux Fantastiques Norbert Dragonneau 810 $
43%
Les Animaux Fantastiques : Les Crimes de Grindelwald Norbert Dragonneau 654 $
43%
Kung Fu Panda 2 Po Ping 666 $
43%
Fast and Furious 8 Dominic Toretto 1 236 $
34%
Fast and Furious 6 Dominic Toretto 789 $
34%
The Amazing Spider-Man : Le Destin d'un héros Peter Parker 709 $
34%
Black Panther T'Challa 1 347 $
33%
Coco Miguel 795 $
31%
Fast and Furious 7 Dominic Toretto 1 514 $
29%
Vice Versa Riley 858 $
29%
Doctor Strange Stephen Strange 678 $
29%
Madagascar 3 : Bons baisers d'Europe Alex 747 $
27%
Mission Impossible : Fallout Ethan Hunt 791 $
26%
Mission Impossible : Protocole Fantome Ethan Hunt 693 $
26%
Mission Impossible 5 Ethan Hunt 683 $
26%
Zootopie Judy Hopps 1 023 $
23%
Aquaman Arthur Curry 1 148 $
20%
Joker Arthur Fleck 1 073 $
20%
Captain Marvel Carol Danvers 1 128 $
20%
Wonder Woman Diana Prince 822 $
19%
La Planète des Singes : l'Affrontement César 711 $
17%
Venom Eddie Brock 856 $
17%
X-Men : Days of future past Logan 748 $
17%
Transformers 3 : La Face cachée de la lune Optimus Prime 1 124 $
17%
Transformers : L'Age de l'Extinction Optimus Prime 1 104 $
17%
Jurassic World : Fallen Kingdom Owen Grady 1 309 $
16%
Deadpool Wade Wilson 783 $
13%
Deadpool 2 Wade Wilson 762 $
13%
Les Indestructibles 2 Helen Parr 1 243 $
12%
L'Age de Glace : La Dérive des Continents Peche 877 $
12%
Comme des Betes Max 874 $
11%
Pirates des Caraibes : La Vengeance de Salazar Henry Turner 795 $
10%
Les Nouveaux Héros Hiro Hamada 658 $
10%
Jurassic World Claire Dearing 1 672 $
8%
Jumanji : Bienvenue dans la Jungle Smolder Bravestone 951 $
6%
Jumanji : Next Level Smolder Bravestone 793 $
6%
Inception Cobb 824 $
5%
Interstellar Joseph Cooper 675 $
4%
Rogue One : A Star Wars Story Jynn Erso 1 056 $
4%
Gravity Ryan Stone 723 $
3%
The Wandering Earth Liu Qi 701 $
1%
Ne Zha Zhi Mo Tong Jiang Shi Nezha 726 $
0%
Wolf Warrior 2 Zhuo Yifan 870 $
0%
Aucun quiz correspondant
Distribution des résultats
% des personnes avec chaque résultat
Percentile par nombre de réponses
Votre historique - résultats
Vous n’avez pas pris ce quiz